Desarrollo y aplicación en finca de un sistema integrado de contabilidad económica y ambiental : (Registro nro. 4554)

Detalles MARC
000 -CABECERA
Campo de control 00998nam a2200253 a 4500
005 - FECHA Y HORA DE LA ULTIMA TRANSACCION
Campo de control 20171014101342.0
008 - ELEMENTOS DE LONGITUD FIJA—INFORMACION GENERAL
Campo de control 140317b2003 ck ado||r|||| 00| 0 spa d
040 ## - FUENTE DE CATALOGACIÓN
Agencia catalogadora original CO-BoIAVH
Agencia transcriptora CO-BoIAVH
041 ## - IDIOMA
Código de idioma para texto/pista de sonido o título separado Español
044 ## - PAÍS DE PUBLICACIÓN
País de publicación Colombia
082 04 - NUMERO DE CLASIFICACION DECIMAL DEWEY
Número de clasificación 333.3352
Número del ítem B22d
100 1# - ASIENTO PRINCIPAL--NOMBRE PERSONAL
Nombre personal Baquero H., Irma
Término relacionado autora
9 (RLIN) 21992
245 10 - MENCION DE TITULO
Título Desarrollo y aplicación en finca de un sistema integrado de contabilidad económica y ambiental :
Parte restante del título subcuenca del río Salamaga, departamento de Santander /
260 ## - PUBLICACION, DISTRIBUCION, ETC. (PIE DE IMPRENTA)
Lugar de publicación, distribución, etc. Bogotá :
Nombre del editor, distribuidor, etc. CORPOICA,
Fecha de publicación, distribución, etc. 2003.
300 ## - DESCRIPCION FISICA
Extensión 52 páginas :
Otros detalles físicos ilustraciones, tablas y fotografías a color ;
Dimensiones 24 x 17 cm.
650 26 - ASIENTO SECUNDARIO DE MATERIA - TERMINO TEMATICO
Término temático o nombre geográfico como elemento de entrada Agricultura
Subdivisión general Aspectos económicos
9 (RLIN) 86214
650 26 - ASIENTO SECUNDARIO DE MATERIA - TERMINO TEMATICO
Término temático o nombre geográfico como elemento de entrada Explotaciones agrarias
Subdivisión general Aspectos económicos
9 (RLIN) 86215
650 26 - ASIENTO SECUNDARIO DE MATERIA - TERMINO TEMATICO
Término temático o nombre geográfico como elemento de entrada Economía ambiental
9 (RLIN) 86216
650 26 - ASIENTO SECUNDARIO DE MATERIA - TERMINO TEMATICO
Término temático o nombre geográfico como elemento de entrada Agricultura
Subdivisión general Cuentas
9 (RLIN) 86217
700 1# - ASIENTO SECUNDARIO - NOMBRE PERSONAL
Nombre personal Méndez H., Hernando
Término de relación autor
9 (RLIN) 21993
700 1# - ASIENTO SECUNDARIO - NOMBRE PERSONAL
Nombre personal Ramírez G., Margarita
Término de relación autor
9 (RLIN) 21994
700 1# - ASIENTO SECUNDARIO - NOMBRE PERSONAL
Nombre personal Mantilla Blanco, Jairo
Término de relación autor
9 (RLIN) 9233
942 ## - ELEMENTOS ADICIONALES (KOHA)
Tipo de ítem Libro
Sistema de clasificación Dewey Decimal Classification
Existencias
Withdrawn status Lost status Sistema de Clasificación Damaged status No para préstamo Colección Inventariado Ubicación Permanente Ubicación actual Fecha de adquisición Fuente de Valor Valor Total Checkouts Número topográfico Inventario / Código de Barras Date last seen Ejemplar Price effective from Forma de adquisición Tipo de material
    Dewey Decimal Classification     General Inventariado 2017 Sala Fabio Quevedo Sala Fabio Quevedo 13/06/2005 Instituto 15000.00   LB-333.3352 B22d 019063 04/12/2012 Ej. 1 04/12/2012 Donación Libro